000 00670nam a2200217 a 4500
003 MX-MxUPN
005 20241001063855.0
008 991125s1924 mx a r 000 0 spa d
035 _aUPN01000026016
040 _aMX-MxUPN
_bspa
_cMX-MxUPN
041 0 _aspa
050 4 _aF1386
_bG34
100 1 _aGámiz Olivas, Abel
_951783
245 1 0 _aGeografía del Distrito Federal
260 _aMéxico :
_bAguilas,
_c1924
300 _a122 páginas :
_bilustraciones
651 4 _aDistrito Federal (México)
_xDescripción y viajes
_917688
710 2 _aInstituto Nacional de Pedagogía (México)
_epropietario anterior
_928088
904 _aAC
_b026017
942 _2lcc
_cLIBRO
999 _c26016
_d26016